01204cam a2200349 a 450000100090000000300040000900500170001300800410003001000170007102000180008802000150010602500270012103500240014803500210017203700530019304000260024604200210027204300120029305000210030508200210032610000140034724501850036126000310054630000130057749000500059050000600064050400410070065000330074170000150077470000160078970000490080517032105OSt20200610140334.0091201s2008 ii abf g b 000 0 eng d a 2011350784 a9788188629473 a8188629472 aI-E-2011-350784; 11-90 a(OCoLC)ocn474740607 a(OCoLC)474740607 aLibrary of Congress -- New Delhi Overseas Office aDKAGEbengcoclcdDLC alccopycatalcode aa-ii---00aBQ286b.O75 200804a294.30954bMIT/O aMittal, P00aOrigin and development of Buddhism in India :bcollection of articles from the Indian antiquary /ccompiled by P Mittal, Geeta Dua ; re-arranged with an introduction by S.R. Bhatt. aDelhi :bOriginals,c2008. ax, 376 p0 aPanorama of Buddhist thought and culture ;v1 aFirst published in Indian antiquary, from 1872 to 1933. aIncludes bibliographical references. 0aBuddhist antiquitieszIndia.1 aMittal, P.1 aDua, Geeta.1 aBhatt, S. R.q(Siddheswar Rameshwar),d1939-